[Event "Estonian ch"]
[Site "Kilingi-Nomme"]
[Date "2002.08.10"]
[Round "1"]
[White "Zjukin, Sergei"]
[Black "Kanep, Meelis"]
[Result "1/2-1/2"]
[WhiteElo "2401"]
[BlackElo "2389"]
[PlyCount "90"]
[EventDate "2002.08.10"]

1. e4 c5 2. Nf3 d6 3. d4 cxd4 4. Nxd4 Nf6 5. Nc3 a6 6. Bg5 e6 7. f4 Qc7 8. Qf3
b5 9. Bxf6 gxf6 10. e5 d5 11. exf6 Nd7 12. O-O-O Nxf6 13. f5 e5 14. Nxd5 Nxd5
15. Qxd5 Bb7 16. Bxb5+ axb5 17. Qxb5+ Ke7 18. f6+ Kxf6 19. Rhf1+ Kg6 20. Kb1
Bh6 21. Qd3+ e4 22. Qh3 Ra5 23. Nf5 Bg5 24. Nh4+ (24. Rd6+ f6 25. Nh4+ Bxh4 26.
Qg4+ Bg5 27. Rdxf6+ Kg7 28. Qe6) 24... Bxh4 25. Qxh4 f5 26. g4 Rf8 27. gxf5+
Kg7 28. Rg1+ Kh8 29. f6 Qf7 30. b3 Bc8 31. Qg3 Qxf6 32. Qc7 Ra6 33. Rdf1 Qxf1+
34. Rxf1 Rxf1+ 35. Kb2 Rf8 36. Qe5+ Raf6 37. Qxe4 Bf5 38. Qe5 h5 39. a4 Kh7 40.
a5 Bg6 41. c4 Rf5 42. Qd6 R8f6 43. Qd8 Rf8 44. Qd6 R8f6 45. Qd8 Rf8 1/2-1/2

[Event "Estonian ch"]
[Site "Kilingi-Nomme"]
[Date "2002.08.10"]
[Round "1"]
[White "Sepp, Olav"]
[Black "Seeman, Tarvo"]
[Result "0-1"]
[WhiteElo "2430"]
[BlackElo "2454"]
[PlyCount "194"]
[EventDate "2002.08.10"]

1. Nf3 Nf6 2. d3 g6 3. e4 Bg7 4. g3 O-O 5. Bg2 d5 6. Nbd2 dxe4 7. dxe4 Nc6 8.
O-O e5 9. c3 a5 10. Qc2 Be6 11. Ng5 Bg4 12. f3 Bd7 13. Nc4 Qe7 14. Kh1 Nh5 15.
Nh3 Be6 16. Ne3 Rad8 17. f4 Bxh3 18. Bxh3 exf4 19. Nd5 Qc5 20. Nxf4 Nxf4 21.
gxf4 Nb4 22. Qe2 Nd3 23. Be3 Qc4 24. Bg2 Ne5 25. Rae1 Qxe2 26. Rxe2 Nc4 27. Bc1
b5 28. e5 a4 29. Bc6 Rb8 30. Rd1 Na5 31. Bd5 Rfd8 32. Red2 Kf8 33. b3 c5 34.
bxa4 b4 35. cxb4 cxb4 36. Rd4 Bh6 37. R1d3 Kg7 38. Bd2 Rdc8 39. Rxb4 Rc1+ 40.
Kg2 Rxb4 41. Bxb4 Nc4 42. Rc3 Rxc3 43. Bxc3 Ne3+ 44. Kf3 Nxd5 45. Bd4 Kf8 46.
a5 Nc7 47. Bb6 Na6 48. Ke4 Ke7 49. f5 Kd7 50. h4 Bd2 51. h5 gxh5 52. a3 h4 53.
Kf3 Bc3 54. e6+ fxe6 55. fxe6+ Kxe6 56. Kg4 Be1 57. Bd8 Kf7 58. Bb6 Kg6 59. Bd8
Nc5 60. Be7 h5+ 61. Kh3 Ne6 62. a6 Nf4+ 63. Kh2 Bg3+ 64. Kh1 Nd5 65. Bd8 Bf2
66. Kg2 Ba7 67. Bxh4 Nc7 68. a4 Nxa6 69. Kh3 Bd4 70. Be7 Bf6 71. Bd6 Kf5 72.
Bg3 Nc5 73. a5 Bd8 74. Be1 Nd3 75. Bd2 Nf2+ 76. Kg2 Ne4 77. a6 Bb6 78. Ba5 Ba7
79. Kh3 Nc5 80. Kh4 Kg6 81. Bc7 Nxa6 82. Bd6 Bc5 83. Be5 Be7+ 84. Kh3 Nc5 85.
Bd4 Ne6 86. Be5 Bf6 87. Bd6 Ng5+ 88. Kg2 Kf5 89. Bg3 Kg4 90. Be1 Bd4 91. Bb4 h4
92. Bd6 h3+ 93. Kh1 Be3 94. Be5 Bf4 95. Bc3 Ne4 96. Be1 Bg3 97. Bxg3 Kxg3 0-1

[Event "Estonian ch"]
[Site "Kilingi-Nomme"]
[Date "2002.08.10"]
[Round "1"]
[White "Zavoronkov, Vladimir"]
[Black "Leito, Priit"]
[Result "1-0"]
[WhiteElo "2385"]
[BlackElo "2347"]
[PlyCount "83"]
[EventDate "2002.08.10"]

1. e4 c5 2. Nf3 e6 3. b3 d6 4. Bb2 Nf6 5. Bb5+ Bd7 6. Bxd7+ Nbxd7 7. Qe2 Be7 8.
d4 cxd4 9. Nxd4 O-O 10. O-O Nc5 11. Nd2 d5 12. exd5 Qxd5 13. c4 Qd7 14. Rfd1 a6
15. N2f3 Qc7 16. Ne5 Rad8 17. Ndf3 h6 18. Bd4 Ncd7 19. Nd3 Rfe8 20. Qb2 Bd6 21.
Re1 Bf8 22. Rac1 Qa5 23. b4 Qf5 24. Nde5 Nxe5 25. Rxe5 Qg6 26. Re3 Nd7 27. c5
Qf5 28. h3 Qd5 29. Bc3 Nb8 30. Rce1 Nc6 31. Re4 f5 32. R4e3 Qc4 33. Nd2 Qd5 34.
f4 a5 35. a3 axb4 36. axb4 Rd7 37. R1e2 Nd4 38. Rf2 Red8 39. Re5 Qc6 40. Nc4
Nb5 41. Rfe2 Rd1+ 42. Kh2 {Time} 1-0

[Event "Estonian ch"]
[Site "Kilingi-Nomme"]
[Date "2002.08.10"]
[Round "1"]
[White "Kulaots, Kaido"]
[Black "Krupenski, Juri"]
[Result "1-0"]
[WhiteElo "2542"]
[BlackElo "2252"]
[PlyCount "55"]
[EventDate "2002.08.10"]

1. e4 c5 2. Nf3 e6 3. d4 cxd4 4. Nxd4 d6 5. Nc3 Nc6 6. Be2 Nf6 7. O-O Be7 8. f4
Bd7 9. Nf3 O-O 10. Bd3 Bc8 11. Qe1 Nd7 12. Qg3 Nc5 13. Kh1 a6 14. Be3 b5 15.
Bxc5 dxc5 16. e5 g6 17. Rad1 Qb6 18. Ne4 c4 19. Nf6+ Kg7 (19... Bxf6 20. exf6
cxd3 21. Qg5 (21. Rxd3 Qc5 22. Ng5) 21... Nd4 22. Nxd4 (22. Rxd3 Nf5) 22...
Qxd4 23. Rxd3 (23. c3 h6 24. Qh4 Qd8 25. Rf3 Bb7 26. Rfxd3 Bd5 27. b3 (27. h3
Kh7) (27. f5 Rc8) 27... Rc8 28. f5 Rxc3 29. Rxc3 Bxg2+ 30. Kxg2 Qxd1 31. Qxh6
Qe2+) 23... Qxb2 24. Rb3 (24. Rh3 Re8 25. Qh4) 24... h6 25. Qh4 Qd4 26. Rd3)
20. Be4 Ra7 21. Ng5 Rh8 22. h4 Bc5 23. h5 Nd4 24. Ngxh7 Nf5 25. Qh3 Nh6 26.
hxg6 fxg6 27. Bxg6 Ng8 28. Be4 1-0

[Event "Estonian ch"]
[Site "Kilingi-Nomme"]
[Date "2002.08.11"]
[Round "2"]
[White "Kanep, Meelis"]
[Black "Kveinys, Aloyzas"]
[Result "1/2-1/2"]
[WhiteElo "2389"]
[BlackElo "2556"]
[PlyCount "21"]
[EventDate "2002.08.10"]

1. d4 Nf6 2. Nf3 d5 3. c4 e6 4. Nc3 Nbd7 5. cxd5 exd5 6. Bg5 c6 7. e3 Be7 8.
Bd3 O-O 9. Qc2 Re8 10. h3 Nf8 11. O-O 1/2-1/2

[Event "Estonian ch"]
[Site "Kilingi-Nomme"]
[Date "2002.08.11"]
[Round "2"]
[White "Krupenski, Juri"]
[Black "Kengis, Edvins"]
[Result "0-1"]
[WhiteElo "2252"]
[BlackElo "2594"]
[PlyCount "73"]
[EventDate "2002.08.10"]

1. d4 e6 2. e4 c5 3. d5 exd5 4. exd5 d6 5. Nf3 Nf6 6. g3 Be7 7. Bg2 O-O 8. O-O
Bg4 9. h3 Bxf3 10. Qxf3 Nbd7 11. Bf4 Ne8 12. h4 Bf6 13. c3 Ne5 14. Bxe5 Bxe5
15. Nd2 b5 16. Qe2 Nc7 17. f4 Bf6 18. Ne4 Rb8 19. Qd2 b4 20. h5 Be7 21. f5 Ne8
22. h6 Nf6 23. Nf2 bxc3 24. bxc3 gxh6 25. Qxh6 Kh8 26. Rae1 Rg8 27. Qe3 Bf8 28.
Rb1 Rb6 29. Rxb6 axb6 30. Re1 Bg7 31. g4 Re8 32. Qd2 Rxe1+ 33. Qxe1 h6 34. g5
hxg5 35. Qe2 Kg8 36. c4 Kf8 37. Qe3 0-1

[Event "Estonian ch"]
[Site "Kilingi-Nomme"]
[Date "2002.08.11"]
[Round "2"]
[White "Leito, Priit"]
[Black "Kulaots, Kaido"]
[Result "1/2-1/2"]
[WhiteElo "2347"]
[BlackElo "2542"]
[PlyCount "81"]
[EventDate "2002.08.10"]

1. e4 c5 2. c4 Nc6 3. Nc3 e6 4. g3 Nge7 5. Bg2 Nd4 6. Nge2 Nec6 7. O-O g6 8. a3
Bg7 9. Rb1 a5 10. d3 O-O 11. Nxd4 Nxd4 12. Be3 d6 13. Ne2 a4 14. Nxd4 cxd4 15.
Bd2 Bd7 16. Bb4 Bc6 17. f4 Re8 18. Qd2 Qd7 19. Rbe1 f5 20. exf5 gxf5 21. Qf2
Rac8 22. Re2 b5 23. Bxc6 Qxc6 24. cxb5 Qxb5 25. Qf3 Qc6 26. Kg2 Qxf3+ 27. Kxf3
Rc6 28. Rfe1 Kf7 29. h3 h5 30. g4 hxg4+ 31. hxg4 fxg4+ 32. Kxg4 d5 33. Rd1 Rec8
34. Kf3 Rc2 35. Rde1 R8c6 36. Rxc2 Rxc2 37. Re2 Rc1 38. Re1 Rc2 39. Re2 Rc1 40.
Re1 Rc2 41. Re2 1/2-1/2

[Event "Estonian ch"]
[Site "Kilingi-Nomme"]
[Date "2002.08.11"]
[Round "2"]
[White "Seeman, Tarvo"]
[Black "Zavoronkov, Vladimir"]
[Result "1/2-1/2"]
[WhiteElo "2454"]
[BlackElo "2385"]
[PlyCount "63"]
[EventDate "2002.08.10"]

1. Nf3 c5 2. g3 Nc6 3. Bg2 e5 4. O-O g6 5. c4 Bg7 6. Nc3 Nge7 7. d3 O-O 8. Bg5
h6 9. Bxe7 Nxe7 10. Nd2 d6 11. Rb1 f5 12. e3 Kh7 13. Qe2 Rb8 14. Rfc1 b6 15. b4
Bb7 16. Nd5 Nxd5 17. cxd5 cxb4 18. Rxb4 Qd7 19. Rbc4 Rbc8 20. h4 Ba6 21. Rxc8
Rxc8 22. Rxc8 Qxc8 23. h5 Qc2 24. hxg6+ Kxg6 25. e4 Bxd3 26. exf5+ Kf7 27. Qg4
Qxd2 28. Qg6+ Kg8 29. Qe6+ Kh7 30. Qg6+ Kg8 31. Qe6+ Kh7 32. Qg6+ 1/2-1/2

[Event "Estonian ch"]
[Site "Kilingi-Nomme"]
[Date "2002.08.12"]
[Round "3"]
[White "Sepp, Olav"]
[Black "Kanep, Meelis"]
[Result "0-1"]
[WhiteElo "2430"]
[BlackElo "2389"]
[PlyCount "108"]
[EventDate "2002.08.10"]

1. e4 c5 2. Nc3 Nc6 3. Bb5 e6 4. Bxc6 bxc6 5. d3 d6 6. f4 Ne7 7. Nf3 Ng6 8. O-O
Be7 9. Qe2 O-O 10. Kh1 Qc7 11. Bd2 Bd7 12. Na4 f6 13. c4 Rf7 14. Rae1 Raf8 15.
b3 Bc8 16. g3 Rd8 17. Bc3 Bf8 18. h4 Ne7 19. g4 e5 20. f5 g6 21. Rg1 Kh8 22.
Qh2 gxf5 23. gxf5 Bh6 24. Ng5 Rg7 25. Bd2 Rdg8 26. Nf7+ Rxf7 27. Bxh6 Rxg1+ 28.
Rxg1 Ng8 29. Bd2 Rg7 30. Rf1 Qf7 31. h5 h6 32. Nc3 Bd7 33. Rf3 Be8 34. Rh3 Rg4
35. Nd1 Kh7 36. Nf2 Rg7 37. Rh4 Qd7 38. Be3 Bf7 39. Rh3 Qe8 40. Rh4 Qd8 41. Qh3
Qa5 42. Qf1 Qxa2 43. Qd1 Rg3 44. Rh3 Rxe3 45. Rxe3 Qxf2 46. Rh3 Ne7 47. Qa1
Bxh5 48. Qxa7 Bf3+ 49. Rxf3 Qxf3+ 50. Kh2 Qh5+ 51. Kg1 Qg5+ 52. Kf2 Qg7 53. Qd7
h5 54. Qe8 Kh6 0-1

[Event "Estonian ch"]
[Site "Kilingi-Nomme"]
[Date "2002.08.12"]
[Round "3"]
[White "Zavoronkov, Vladimir"]
[Black "Zjukin, Sergei"]
[Result "0-1"]
[WhiteElo "2385"]
[BlackElo "2401"]
[PlyCount "76"]
[EventDate "2002.08.10"]

1. e4 e5 2. Nf3 Nc6 3. Bc4 Nf6 4. d3 Be7 5. Nc3 d6 6. h3 Na5 7. Bb5+ c6 8. Ba4
b5 9. Bb3 O-O 10. O-O h6 11. Qe2 Bd7 12. Nd1 a6 13. Bd2 Nxb3 14. axb3 Re8 15.
Re1 Bf8 16. Nh2 d5 17. Qf3 d4 18. g4 Nh7 19. Nf1 Be7 20. Qg2 Bg5 21. Ba5 Qf6
22. Ng3 Nf8 23. f3 Ne6 24. Ne2 c5 25. c3 Rec8 26. Rf1 g6 27. Nf2 Nf4 28. Nxf4
Bxf4 29. Nh1 Be6 30. b4 c4 31. dxc4 Rxc4 32. Ra3 Rac8 33. Qc2 dxc3 34. Rxc3
Rxc3 35. bxc3 Be3+ 36. Kg2 Bd4 37. f4 Rxc3 38. Qd2 Qh4 0-1

[Event "Estonian ch"]
[Site "Kilingi-Nomme"]
[Date "2002.08.12"]
[Round "3"]
[White "Kulaots, Kaido"]
[Black "Seeman, Tarvo"]
[Result "1/2-1/2"]
[WhiteElo "2542"]
[BlackElo "2454"]
[PlyCount "60"]
[EventDate "2002.08.10"]

1. e4 c5 2. Nf3 Nc6 3. d4 cxd4 4. Nxd4 g6 5. Nc3 Bg7 6. Be3 Nf6 7. Bc4 O-O 8.
Bb3 d6 9. f3 Bd7 10. Qd2 Nxd4 11. Bxd4 b5 12. O-O b4 13. Nd5 Nxd5 14. exd5
Bxd4+ 15. Qxd4 a5 16. Rfe1 a4 17. Bc4 Re8 18. Re2 Rb8 19. Rae1 Bb5 20. Kf1 Qd7
21. Bxb5 Rxb5 22. Qc4 Rb7 23. Re4 Rc8 24. Qd3 Qb5 25. R1e2 Qxd3 26. cxd3 Rc1+
27. Re1 Rc2 28. R1e2 Rc1+ 29. Re1 Rc2 30. R1e2 Rc1+ 1/2-1/2

[Event "Estonian ch"]
[Site "Kilingi-Nomme"]
[Date "2002.08.12"]
[Round "3"]
[White "Kengis, Edvins"]
[Black "Leito, Priit"]
[Result "0-1"]
[WhiteElo "2594"]
[BlackElo "2347"]
[PlyCount "192"]
[EventDate "2002.08.10"]

1. Nf3 c5 2. c4 e6 3. g3 d5 4. Bg2 Nc6 5. O-O Nf6 6. d4 dxc4 7. Ne5 Bd7 8. Na3
cxd4 9. Naxc4 Bc5 10. Qb3 O-O 11. Bf4 Rc8 12. Qxb7 Nxe5 13. Nxe5 Rb8 14. Qxb8
Qxb8 15. Nxd7 Qb5 16. Nxf8 Bxf8 17. Rfd1 e5 18. a4 Qb8 19. Bg5 Nd7 20. Bd5 h6
21. Bd2 Qxb2 22. Rab1 Qc2 23. Rbc1 Qg6 24. Rc6 Qh5 25. Bf3 Qh3 26. Rc7 Nf6 27.
Rxa7 e4 28. Bg2 Qh5 29. Re1 e3 30. fxe3 dxe3 31. Bc1 Bb4 32. Ra8+ Kh7 33. Rf1
Qxe2 34. Rb8 Bc5 35. Rb2 Qc4 36. Re1 Bb4 37. Bf1 e2 38. Rbxe2 Bxe1 39. Rxe1
Qxa4 40. Be3 Ng4 41. Bf2 Nxf2 42. Kxf2 Qd4+ 43. Kg2 g6 44. Re2 Kg7 45. Rf2 f5
46. Be2 Kf6 47. Bf3 Qe5 48. Rc2 g5 49. Rf2 Kg6 50. g4 fxg4 51. Bxg4 h5 52. Bf5+
Kh6 53. h3 Qd4 54. Re2 Qd5+ 55. Be4 Qc4 56. Kf2 g4 57. hxg4 hxg4 58. Bg2 Qf4+
59. Kg1 Qd4+ 60. Kf1 Kg5 61. Be4 Kf4 62. Bc2 Kg3 63. Ke1 Qg1+ 64. Kd2 Kf4 65.
Be4 Qd4+ 66. Ke1 Qc3+ 67. Kd1 Qd4+ 68. Ke1 Qg1+ 69. Kd2 Kg5 70. Kd3 Qd1+ 71.
Ke3 Qc1+ 72. Kd3 Kf4 73. Bg2 Qa3+ 74. Kd2 Qb4+ 75. Kd1 Qd4+ 76. Ke1 Qc3+ 77.
Kd1 g3 78. Re4+ Kf5 79. Re2 Qd3+ 80. Rd2 Qc3 81. Re2 Qa1+ 82. Kd2 Qb2+ 83. Kd1
Qb1+ 84. Kd2 Kf4 85. Kc3 Qc1+ 86. Kd3 Qd1+ 87. Rd2 Qb3+ 88. Ke2 Qc4+ 89. Rd3
Qb5 90. Bd5 Qb6 91. Rd2 Qg1 92. Kd3 Qf1+ 93. Kc2 Ke3 94. Bg2 Qc4+ 95. Kd1 Qb3+
96. Kc1 Qc3+ 0-1

[Event "Estonian ch"]
[Site "Kilingi-Nomme"]
[Date "2002.08.12"]
[Round "3"]
[White "Kveinys, Aloyzas"]
[Black "Krupenski, Juri"]
[Result "1-0"]
[WhiteElo "2556"]
[BlackElo "2252"]
[PlyCount "49"]
[EventDate "2002.08.10"]

1. e4 c5 2. Nf3 e6 3. Nc3 Ne7 4. g3 Nec6 5. Bg2 Be7 6. O-O O-O 7. d3 a6 8. e5
d6 9. exd6 Bxd6 10. Ne4 Be7 11. Be3 Nd7 12. d4 c4 13. a4 Nb6 14. Qe2 Bd7 15.
Nc5 Na5 16. Bd2 Bxc5 17. dxc5 Nd5 18. Ne5 Bc6 19. Rfd1 Qc7 20. Qe1 c3 21. bxc3
Nf6 22. Nxc6 Nxc6 23. Bf4 Qa5 24. Bd6 Rfd8 25. Rab1 1-0

[Event "Estonian ch"]
[Site "Kilingi-Nomme"]
[Date "2002.08.13"]
[Round "4"]
[White "Kanep, Meelis"]
[Black "Krupenski, Juri"]
[Result "1-0"]
[WhiteElo "2389"]
[BlackElo "2252"]
[PlyCount "63"]
[EventDate "2002.08.10"]

1. d4 Nf6 2. Nf3 e6 3. g3 b6 4. Bg2 Bb7 5. c4 c5 6. d5 exd5 7. Nh4 g6 8. cxd5
Bg7 9. Nc3 O-O 10. O-O d6 11. e4 Re8 12. f4 b5 13. e5 dxe5 14. fxe5 Rxe5 15.
Bf4 Rxd5 16. Nxd5 Nxd5 17. Be3 Na6 18. Bf2 Qg5 19. Qb3 Bc6 20. Qa3 Nab4 21.
Rad1 c4 22. Nf3 Qh5 23. Nd4 Bb7 24. Bf3 Qh3 25. Nxb5 Nd3 26. Nc7 Bxb2 27. Qa5
Nf6 28. Bc5 Rc8 29. Bxb7 Ng4 30. Rd2 Nxc5 31. Qxc5 Bc3 32. Bxc8 1-0

[Event "Estonian ch"]
[Site "Kilingi-Nomme"]
[Date "2002.08.13"]
[Round "4"]
[White "Leito, Priit"]
[Black "Kveinys, Aloyzas"]
[Result "1/2-1/2"]
[WhiteElo "2347"]
[BlackElo "2556"]
[PlyCount "114"]
[EventDate "2002.08.10"]

1. e4 c5 2. Nf3 e6 3. d4 cxd4 4. Nxd4 Nc6 5. Nb5 d6 6. c4 Nf6 7. N1c3 a6 8. Na3
b6 9. Be2 Bb7 10. Be3 Ne5 11. f3 Ned7 12. O-O Qc7 13. Rc1 Be7 14. Qd2 O-O 15.
Rfd1 Rac8 16. Bf1 Qb8 17. Kh1 Rfe8 18. Nc2 h6 19. Nd4 Bd8 20. Bg1 Bc7 21. Rc2
Nf8 22. b4 N6d7 23. Nb3 Ne5 24. c5 dxc5 25. bxc5 b5 26. Ne2 Red8 27. Qc1 Nc6
28. Rcd2 Rxd2 29. Rxd2 Rd8 30. Rxd8 Qxd8 31. Ned4 Be5 32. Nxc6 Bxc6 33. Qe1 Nd7
34. Qd2 Qc7 35. Na5 Nb8 36. Qb4 Be8 37. a4 Nc6 38. Nxc6 Bxc6 39. axb5 axb5 40.
h3 Qd7 41. Be2 g5 42. Be3 Kg7 43. Kg1 Kg6 44. Kf2 h5 45. Qb1 h4 46. Kf1 Qd8 47.
Qb4 Qb8 48. Bf2 Qe8 49. Be3 Qb8 50. Bf2 f6 51. Be3 Kf7 52. Bf2 Ke7 53. Be1 Qb7
54. Qa5 Bc7 55. Qb4 Be5 56. Qa5 Bc7 57. Qb4 Be5 1/2-1/2

[Event "Estonian ch"]
[Site "Kilingi-Nomme"]
[Date "2002.08.13"]
[Round "4"]
[White "Seeman, Tarvo"]
[Black "Kengis, Edvins"]
[Result "0-1"]
[WhiteElo "2454"]
[BlackElo "2594"]
[PlyCount "100"]
[EventDate "2002.08.10"]

1. e4 g6 2. d4 Bg7 3. Nc3 d6 4. Nf3 Nf6 5. Be3 O-O 6. Qd2 Nbd7 7. O-O-O Ng4 8.
Bg5 c5 9. h3 cxd4 10. Nxd4 Ngf6 11. Bc4 a6 12. Rhe1 Qc7 13. Bb3 Nc5 14. f4 e6
15. Nf3 b5 16. e5 dxe5 17. fxe5 Nfd7 18. Bh6 Bb7 19. Bxg7 Kxg7 20. Qf4 Rac8 21.
Nh2 f6 22. Ng4 Nxe5 23. Qh6+ Kh8 24. Nxe5 fxe5 25. Kb1 Rf4 26. h4 Qg7 27. Qg5
Rf5 28. Rd8+ Rxd8 29. Qxd8+ Qf8 30. Qc7 e4 31. a4 b4 32. Nd1 Qg7 33. Qd6 Qe5
34. Qd8+ Kg7 35. Ne3 Rf8 36. Qb6 Qd4 37. Nc4 Bd5 38. Qxb4 Rf2 39. Ba2 e3 40.
Qc3 Qxc3 41. bxc3 Nxa4 42. Bb3 e2 43. Ne3 Bxb3 44. cxb3 Nxc3+ 45. Kc2 Nd5 46.
Nxd5 exd5 47. g4 Rh2 48. h5 Kh6 49. Kd2 Kg5 50. Ra1 e1=Q+ 0-1

[Event "Estonian ch"]
[Site "Kilingi-Nomme"]
[Date "2002.08.13"]
[Round "4"]
[White "Zjukin, Sergei"]
[Black "Kulaots, Kaido"]
[Result "0-1"]
[WhiteElo "2401"]
[BlackElo "2542"]
[PlyCount "76"]
[EventDate "2002.08.10"]

1. e4 c5 2. Nf3 e6 3. d4 cxd4 4. Nxd4 a6 5. Bd3 Bc5 6. Nb3 Be7 7. O-O d6 8. c4
b6 9. Qg4 g6 10. Qe2 Nd7 11. Nc3 Qc7 12. f4 Ngf6 13. Bd2 O-O 14. Rae1 Bb7 15.
Rf3 Rfe8 16. Rh3 h5 17. Nd4 Ng4 18. b4 Bf6 19. Nf3 b5 20. Rf1 bxc4 21. Bc2 Bg7
22. Rg3 d5 23. h3 dxe4 24. hxg4 exf3 25. gxf3 hxg4 26. fxg4 Bd4+ 27. Kh2 Kg7
28. Ne4 Rh8+ 29. Rh3 Rxh3+ 30. Kxh3 Rh8+ 31. Kg3 Nf6 32. Ng5 c3 33. Bc1 Qc6 34.
Nf3 Bb6 35. Be3 Ne4+ 36. Kg2 Bxe3 37. Qxe3 Nd2 38. Qd4+ e5 0-1

[Event "Estonian ch"]
[Site "Kilingi-Nomme"]
[Date "2002.08.13"]
[Round "4"]
[White "Sepp, Olav"]
[Black "Zavoronkov, Vladimir"]
[Result "1-0"]
[WhiteElo "2430"]
[BlackElo "2385"]
[PlyCount "119"]
[EventDate "2002.08.10"]

1. Nf3 Nf6 2. g3 c5 3. Bg2 Nc6 4. O-O e5 5. d3 d6 6. c4 h6 7. Nc3 Be6 8. a3 Qd7
9. Qa4 Be7 10. b4 O-O 11. bxc5 dxc5 12. Rb1 Rab8 13. Re1 Rfd8 14. Nd2 Bh3 15.
Bh1 Ng4 16. Nd5 f5 17. Nf1 Rf8 18. Nxe7+ Qxe7 19. Bxc6 bxc6 20. Rxb8 Rxb8 21.
Qxc6 Kh7 22. Be3 Qf7 23. Bxc5 f4 24. Qe4+ Kh8 25. f3 Qc7 26. Bb4 Nf6 27. Qg6 a5
28. Bd2 Rb2 29. gxf4 exf4 30. Bc3 Qb6+ 31. Kh1 Qf2 32. Bxf6 gxf6 33. Qxh6+ Kg8
34. Qg6+ Kf8 35. Qxf6+ Ke8 36. Qe5+ Kd7 37. Qg7+ Kc6 38. Qf6+ Kc7 39. Qxf4+ Kb7
40. Qf7+ Ka6 41. Qg6+ Rb6 42. Qg3 Bg2+ 43. Qxg2 Qxe1 44. Kg1 Qa1 45. Kf2 Qxa3
46. Ne3 Qc5 47. f4 Rb7 48. Qe4 a4 49. d4 Qc7 50. c5 Ka7 51. c6 Rb5 52. d5 a3
53. d6 Qb6 54. c7 Rc5 55. Qa4+ Kb7 56. Qe4+ Rc6 57. Qe8 a2 58. Qb8+ Ka6 59.
c8=Q+ Rxc8 60. Qxc8+ 1-0

[Event "Estonian ch"]
[Site "Kilingi-Nomme"]
[Date "2002.08.14"]
[Round "5"]
[White "Zavoronkov, Vladimir"]
[Black "Kanep, Meelis"]
[Result "1-0"]
[WhiteElo "2385"]
[BlackElo "2389"]
[PlyCount "127"]
[EventDate "2002.08.10"]

1. e4 c5 2. Nf3 d6 3. d4 cxd4 4. Nxd4 Nf6 5. Nc3 a6 6. f3 e6 7. g4 h6 8. Be3
Nbd7 9. Qd2 b5 10. O-O-O Bb7 11. h4 b4 12. Na4 Qa5 13. b3 Nc5 14. a3 Nxa4 15.
axb4 Qc7 16. bxa4 Nd7 17. Nb3 d5 18. Kb2 dxe4 19. c4 Be7 20. c5 exf3 21. Qh2
Bf6+ 22. Bd4 Be5 23. Bxe5 Qxe5+ 24. Qxe5 Nxe5 25. Rd6 Ke7 26. Na5 Bd5 27. Rg1
h5 28. g5 Ng4 29. Nc6+ Kf8 30. Bxa6 g6 31. Bb5 f2 32. Rc1 Ne3 33. Ne5 f1=Q 34.
Bxf1 Rxa4 35. Kc3 Kg7 36. Ra6 Ra8 37. Rxa8 Rxa8 38. Kd2 Nf5 39. b5 f6 40. Nd7
fxg5 41. hxg5 h4 42. c6 Nd4 43. Kc3 Nxc6 44. bxc6 Bxc6 45. Ne5 Bd5 46. Kd4 Ra4+
47. Kc5 Ra3 48. Kd6 h3 49. Rc7+ Kg8 50. Ng4 h2 51. Nxh2 Rg3 52. Be2 Rxg5 53.
Ng4 Kf8 54. Rc8+ Kg7 55. Rc7+ Kf8 56. Rc8+ Kg7 57. Rc7+ Kf8 58. Ne5 Rg2 59. Bd3
Rd2 60. Rf7+ Kg8 61. Ke7 Ra2 62. Nd7 Ra7 63. Kf6 Ra8 64. Kxg6 1-0

[Event "Estonian ch"]
[Site "Kilingi-Nomme"]
[Date "2002.08.14"]
[Round "5"]
[White "Kulaots, Kaido"]
[Black "Sepp, Olav"]
[Result "1/2-1/2"]
[WhiteElo "2542"]
[BlackElo "2430"]
[PlyCount "53"]
[EventDate "2002.08.10"]

1. e4 e5 2. Nf3 Nc6 3. d4 exd4 4. Nxd4 Nf6 5. Nxc6 bxc6 6. e5 Qe7 7. Qe2 Nd5 8.
c4 Nb6 9. Nd2 Bb7 10. b3 O-O-O 11. Bb2 g6 12. O-O-O Bg7 13. f4 d6 14. Nf3 Rhe8
15. g3 Kb8 16. Qf2 Nd7 17. Bh3 f5 18. exf6 Nxf6 19. Ng5 d5 20. Rhe1 Ne4 21. Qc2
Bxb2+ 22. Qxb2 h6 23. Ne6 Rd6 24. Nc5 Rdd8 25. Ne6 Rd6 26. Nc5 Rdd8 27. Ne6
1/2-1/2

[Event "Estonian ch"]
[Site "Kilingi-Nomme"]
[Date "2002.08.14"]
[Round "5"]
[White "Kengis, Edvins"]
[Black "Zjukin, Sergei"]
[Result "1/2-1/2"]
[WhiteElo "2594"]
[BlackElo "2401"]
[PlyCount "42"]
[EventDate "2002.08.10"]

1. Nf3 f5 2. g3 Nf6 3. c4 d6 4. d4 g6 5. b4 Bg7 6. Bb2 e5 7. dxe5 Ng4 8. Nc3
Nxe5 9. Nxe5 Bxe5 10. Bg2 c6 11. O-O Be6 12. Qd3 O-O 13. f4 Bg7 14. Kh1 Qe7 15.
Rfe1 Na6 16. b5 Nc5 17. Qd2 Qc7 18. Rac1 Rad8 19. bxc6 bxc6 20. Nd1 Bxb2 21.
Nxb2 Qb6 1/2-1/2

[Event "Estonian ch"]
[Site "Kilingi-Nomme"]
[Date "2002.08.14"]
[Round "5"]
[White "Kveinys, Aloyzas"]
[Black "Seeman, Tarvo"]
[Result "1/2-1/2"]
[WhiteElo "2556"]
[BlackElo "2454"]
[PlyCount "107"]
[EventDate "2002.08.10"]

1. e4 c5 2. Nf3 e6 3. Nc3 Nc6 4. g3 Nf6 5. Bg2 d6 6. O-O Bd7 7. d3 Be7 8. Ng5
h6 9. Nh3 Rb8 10. f4 b5 11. Be3 b4 12. Nb1 e5 13. f5 a5 14. Nd2 a4 15. Nc4 Na5
16. Nf2 Bb5 17. Qe2 Bxc4 18. dxc4 Qb6 19. Rfb1 Nd7 20. h4 Qc7 21. b3 a3 22. Kh2
Nc6 23. Rg1 Nd4 24. Qd3 Bf6 25. Raf1 Rb7 26. Bd2 Nb8 27. Ng4 Nbc6 28. Ne3 Kd7
29. Bf3 Kc8 30. Nd5 Qd8 31. Bd1 Kb8 32. Rg2 Ka7 33. Kg1 Ne7 34. Ne3 Nec6 35.
Bh5 Qf8 36. Nd5 Ne7 37. Nxf6 gxf6 38. c3 bxc3 39. Qxc3 Nec6 40. Qc1 Nb4 41.
Qxa3+ Kb8 42. Qb2 Qe8 43. Qb1 Qc6 44. Bd1 Qa6 45. Bc1 Nbc6 46. Qd3 Nb4 47. Qd2
Ra7 48. Rff2 Rb7 49. Qe3 Nbc6 50. Kh2 Kc7 51. Bh5 Kd8 52. Rb2 Ke7 53. Bd2 Nb4
54. Bc3 1/2-1/2

[Event "Estonian ch"]
[Site "Kilingi-Nomme"]
[Date "2002.08.14"]
[Round "5"]
[White "Krupenski, Juri"]
[Black "Leito, Priit"]
[Result "1/2-1/2"]
[WhiteElo "2252"]
[BlackElo "2347"]
[PlyCount "54"]
[EventDate "2002.08.10"]

1. d4 d5 2. c4 e6 3. Nc3 c5 4. cxd5 exd5 5. Nf3 Nc6 6. g3 Nf6 7. Bg2 Be7 8. O-O
O-O 9. Bg5 cxd4 10. Nxd4 h6 11. Be3 Re8 12. Qa4 Bd7 13. Rfd1 Nb4 14. Qb3 a5 15.
Nxd5 Nbxd5 16. Bxd5 Nxd5 17. Qxd5 Ba4 18. Qxd8 Rexd8 19. Rd3 Bf6 20. Rc1 Rd5
21. b3 Be8 22. a4 Rad8 23. Rcd1 Bxd4 24. Rxd4 Rxd4 25. Bxd4 b5 26. axb5 Bxb5
27. e3 Bc6 1/2-1/2

[Event "Estonian ch"]
[Site "Kilingi-Nomme"]
[Date "2002.08.15"]
[Round "6"]
[White "Kanep, Meelis"]
[Black "Leito, Priit"]
[Result "0-1"]
[WhiteElo "2389"]
[BlackElo "2347"]
[PlyCount "178"]
[EventDate "2002.08.10"]

1. d4 d5 2. c4 e6 3. Nf3 c5 4. cxd5 exd5 5. g3 Nc6 6. Bg2 Nf6 7. Nc3 Be7 8. O-O
O-O 9. Bg5 cxd4 10. Nxd4 h6 11. Be3 Re8 12. a3 Bf8 13. Qc2 Bg4 14. Rad1 Rc8 15.
Nxc6 bxc6 16. Bxa7 c5 17. h3 Be6 18. Qa4 Ra8 19. e4 Qc7 20. Nb5 Qb7 21. exd5
Bd7 22. d6 Ne4 23. Rfe1 Bxb5 24. Qb3 Rxa7 25. Bxe4 Rxe4 26. Rxe4 Qxe4 27. Qxb5
Rb7 28. Qxc5 Rxb2 29. Qd4 Qf3 30. Rf1 Rb8 31. d7 Qa8 32. Rd1 Be7 33. a4 Bf6 34.
Qd6 Rd8 35. Qb4 Qa7 36. Qb5 Bd4 37. Rc1 Qxd7 38. Qxd7 Rxd7 39. Kg2 Bb6 40. Rc6
Ba7 41. f4 Rd2+ 42. Kf3 Ra2 43. Rc8+ Kh7 44. Rc7 Ra3+ 45. Kg2 Rxa4 46. Rxf7 Bd4
47. Rd7 Bf6 48. Rd5 Kg6 49. Kf3 Ra3+ 50. Kg2 h5 51. h4 Ra6 52. Kf3 Ra3+ 53. Kf2
Ra8 54. Ke3 Rf8 55. Ke4 Rh8 56. Rb5 Kf7 57. Rb7+ Be7 58. Rb5 Bf6 59. Rb7+ Kg6
60. Rb5 Re8+ 61. Kf3 Kh6 62. Rd5 Rc8 63. Rd6 Rc5 64. Rd1 Kg6 65. Ke4 Rc4+ 66.
Kf3 Rc5 67. Kg2 Kf5 68. Kh3 Ra5 69. Rb1 Bd4 70. Re1 Ra3 71. Re7 Kf6 72. Re2 Rb3
73. Rd2 Rb4 74. Ra2 Bb6 75. Rd2 Rb5 76. Rd6+ Kf5 77. Rd7 g6 78. Rd6 Rb2 79. Rd1
Ke4 80. Rf1 Rf2 81. Rb1 Be3 82. Rb4+ Kf3 83. Rb3 Rd2 84. Ra3 Re2 85. Rb3 Re1
86. Kh2 Kg4 87. Rb2 Rd1 88. Rb3 Rd2+ 89. Kh1 Kh3 0-1